[Event "Baku Chess Olympiad | Open"]
[Site "chess24.com"]
[Date "2016.09.12"]
[Round "10"]
[White "Ralison, Milanto Harifidy"]
[Black "Davila Blanco, Juan Jose"]
[Result "*"]
[Board "4"]
[WhiteID "13100351"]
[WhiteElo "2058"]
[WhiteTitle "CM"]
[WhiteCountry "MAD"]
[WhiteFideId "13100351"]
[BlackID "3102378"]
[BlackElo "1904"]
[BlackTitle "CM"]
[BlackCountry "PUR"]
[BlackFideId "3102378"]

1. e4 {[%clk 1:30:55]} e6 {[%clk 1:30:53]} 2. d4 {[%clk 1:31:18]} d5 {[%clk
1:31:17]} 3. Nc3 {[%clk 1:31:40]} Nf6 {[%clk 1:31:39]} 4. Bg5 {[%clk 1:31:34]}
Bb4 {[%clk 1:31:55]} 5. e5 {[%clk 1:30:36]} h6 {[%clk 1:32:17]} 6. Bd2 {[%clk
1:30:18]} Bxc3 {[%clk 1:32:35]} 7. Bxc3 {[%clk 1:29:48]} Ne4 {[%clk 1:31:20]} 8.
Bb4 {[%clk 1:29:08]} c5 {[%clk 1:29:30]} 9. Ba3 {[%clk 1:23:40]} Qa5+ {[%clk
1:18:49]} 10. c3 {[%clk 1:23:02]} cxd4 {[%clk 1:17:10]} 11. Bb4 {[%clk 1:22:53]}
Qb6 {[%clk 1:13:19]} 12. Qxd4 {[%clk 1:22:28]} Nc6 {[%clk 1:05:16]} 13. Qxb6
{[%clk 1:22:40]} axb6 {[%clk 1:05:43]} 14. f4 {[%clk 1:20:10]} Bd7 {[%clk
1:02:55]} 15. Nf3 {[%clk 1:19:16]} Nc5 {[%clk 0:45:55]} 16. Ba3 {[%clk 1:12:36]}
Ra4 {[%clk 0:41:04]} 17. g3 {[%clk 1:10:16]} O-O {[%clk 0:38:47]} 18. Be2 {[%clk
1:06:32]} Rfa8 {[%clk 0:38:18]} 19. O-O {[%clk 1:05:38]} Na5 {[%clk 0:25:53]} 20.
Bd1 {[%clk 0:54:00]} Re4 {[%clk 0:23:21]} 21. Bxc5 {[%clk 0:51:39]} bxc5 {[%clk
0:23:01]} 22. Kf2 {[%clk 0:51:27]} Bb5 {[%clk 0:19:13]} 23. Rh1 {[%clk 0:47:53]}
d4 {[%clk 0:18:19]} 24. a4 {[%clk 0:46:16]} Bc6 {[%clk 0:11:37]} 25. Rg1 {[%clk
0:44:28]} Nc4 {[%clk 0:08:43]} 26. cxd4 {[%clk 0:41:31]} Rd8 {[%clk 0:05:53]} 27.
h3 {[%clk 0:37:24]} cxd4 {[%clk 0:05:37]} 28. b3 {[%clk 0:36:51]} Nb2 {[%clk
0:04:29]} 29. Ne1 {[%clk 0:36:25]} d3 {[%clk 0:03:10]} 30. Rb1 {[%clk 0:33:58]}
Nxd1+ {[%clk 0:03:00]} 31. Rxd1 {[%clk 0:34:25]} Re2+ {[%clk 0:01:50]} 32. Kf1
{[%clk 0:34:48]} Be4 {[%clk 0:01:41]} 33. Nxd3 {[%clk 0:33:09]} Rc2 {[%clk
0:01:20]} *

[Event "Baku Chess Olympiad | Open"]
[Site "chess24.com"]
[Date "2016.09.12"]
[Round "10"]
[White "Seijp V/d, Quintin"]
[Black "Mohamud Hussein Ali"]
[Result "0-1"]
[Board "1"]
[WhiteID "15900428"]
[WhiteElo "1924"]
[WhiteCountry "ARU"]
[WhiteFideId "15900428"]
[WhiteEloChange "-17"]
[BlackID "16100352"]
[BlackElo "1606"]
[BlackCountry "SOM"]
[BlackFideId "16100352"]
[BlackEloChange "17"]

1. e4 {[%clk 1:30:42]} e5 {[%clk 1:30:39]} 2. Nf3 {[%clk 1:31:06]} Nc6 {[%clk
1:31:01]} 3. Bc4 {[%clk 1:31:30]} Bc5 {[%clk 1:31:16]} 4. c3 {[%clk 1:30:47]} Nf6
{[%clk 1:30:22]} 5. d4 {[%clk 1:31:10]} exd4 {[%clk 1:30:19]} 6. cxd4 {[%clk
1:30:51]} Bb4+ {[%clk 1:30:30]} 7. Nc3 {[%clk 1:31:19]} Nxe4 {[%clk 1:29:35]} 8.
O-O {[%clk 1:31:48]} Bxc3 {[%clk 1:29:17]} 9. d5 {[%clk 1:31:10]} Ne5 {[%clk
1:24:13]} 10. Nxe5 {[%clk 1:23:34]} Bxe5 {[%clk 1:24:33]} 11. Re1 {[%clk
1:23:22]} Bxh2+ {[%clk 1:03:17]} 12. Kh1 {[%clk 1:00:31]} Qh4 {[%clk 0:39:30]}
13. Bg5 {[%clk 1:00:39]} Qxg5 {[%clk 0:39:49]} 14. Rxe4+ {[%clk 1:01:07]} Kf8
{[%clk 0:39:39]} 15. Qe2 {[%clk 0:50:10]} g6 {[%clk 0:39:24]} 16. Kxh2 {[%clk
0:50:01]} d6 {[%clk 0:39:01]} 17. Re8+ {[%clk 0:47:10]} Kg7 {[%clk 0:39:20]} 18.
Rxh8 {[%clk 0:47:33]} Kxh8 {[%clk 0:39:42]} 19. Qe8+ {[%clk 0:47:58]} Kg7 {[%clk
0:40:02]} 20. Kg1 {[%clk 0:46:59]} Bh3 {[%clk 0:36:09]} 21. Qe4 {[%clk 0:47:06]}
Re8 {[%clk 0:35:34]} 22. Qf3 {[%clk 0:46:42]} Bg4 {[%clk 0:33:12]} 23. Qg3 {[%clk
0:37:08]} h5 {[%clk 0:32:23]} 24. Bb5 {[%clk 0:32:11]} Re7 {[%clk 0:31:55]} 25.
Qc3+ {[%clk 0:21:36]} Qe5 {[%clk 0:29:50]} 26. Qxe5+ {[%clk 0:21:27]} Rxe5 {[%clk
0:29:59]} 27. Bc4 {[%clk 0:21:45]} c6 {[%clk 0:22:08]} 28. dxc6 {[%clk 0:18:51]}
bxc6 {[%clk 0:22:29]} 29. f3 {[%clk 0:16:09]} Be6 {[%clk 0:22:22]} 30. Rc1 {[%clk
0:16:14]} Rc5 {[%clk 0:21:52]} 0-1

[Event "Baku Chess Olympiad | Open"]
[Site "chess24.com"]
[Date "2016.09.12"]
[Round "10"]
[White "Fidow, Kassim Hassan"]
[Black "Croes, Octavio"]
[Result "1-0"]
[Board "2"]
[WhiteID "16100239"]
[WhiteElo "1567"]
[WhiteCountry "SOM"]
[WhiteFideId "16100239"]
[WhiteEloChange "17"]
[BlackID "1007220"]
[BlackElo "1861"]
[BlackTitle "CM"]
[BlackCountry "ARU"]
[BlackFideId "1007220"]
[BlackEloChange "-17"]

1. Nf3 {[%clk 1:30:12]} d5 {[%clk 1:30:30]} 2. d4 {[%clk 1:30:12]} e6 {[%clk
1:30:16]} 3. c4 {[%clk 1:30:29]} Nf6 {[%clk 1:30:39]} 4. a3 {[%clk 1:30:38]} Be7
{[%clk 1:30:53]} 5. Nc3 {[%clk 1:30:57]} O-O {[%clk 1:31:11]} 6. Bf4 {[%clk
1:31:11]} c6 {[%clk 1:28:49]} 7. e3 {[%clk 1:28:55]} Nbd7 {[%clk 1:27:17]} 8. Bd3
{[%clk 1:28:54]} dxc4 {[%clk 1:25:26]} 9. Bxc4 {[%clk 1:29:04]} b5 {[%clk
1:24:48]} 10. Bd3 {[%clk 1:29:13]} a6 {[%clk 1:25:03]} 11. Rc1 {[%clk 1:29:12]}
Nh5 {[%clk 1:21:20]} 12. Bg3 {[%clk 1:28:55]} Nxg3 {[%clk 1:20:34]} 13. hxg3
{[%clk 1:28:46]} f5 {[%clk 1:16:15]} 14. Ne2 {[%clk 1:27:25]} c5 {[%clk 1:12:26]}
15. Nf4 {[%clk 1:24:53]} Qb6 {[%clk 1:12:06]} 16. g4 {[%clk 1:22:45]} cxd4 {[%clk
1:07:39]} 17. Nxd4 {[%clk 1:16:18]} Ne5 {[%clk 1:07:49]} 18. gxf5 {[%clk
1:14:01]} Nxd3+ {[%clk 1:00:23]} 19. Qxd3 {[%clk 1:14:01]} exf5 {[%clk 1:00:23]}
20. Qb3+ {[%clk 1:11:28]} Rf7 {[%clk 0:51:37]} 21. Rxh7 {[%clk 1:10:49]} Kxh7
{[%clk 0:50:48]} 22. Qxf7 {[%clk 1:09:55]} Qf6 {[%clk 0:50:03]} 23. Qd5 {[%clk
1:09:55]} Rb8 {[%clk 0:50:03]} 24. Ke2 {[%clk 0:58:43]} g6 {[%clk 0:49:50]} 25.
Rh1+ {[%clk 0:58:43]} Kg7 {[%clk 0:49:50]} 26. Nfe6+ {[%clk 0:48:57]} Bxe6 {[%clk
0:34:23]} 27. Nxe6+ {[%clk 0:48:12]} Kf7 {[%clk 0:34:39]} 28. Rh7+ {[%clk
0:46:22]} Ke8 {[%clk 0:34:42]} 29. Qc6# {[%clk 0:46:22]} 1-0

[Event "Baku Chess Olympiad | Open"]
[Site "chess24.com"]
[Date "2016.09.12"]
[Round "10"]
[White "Klaas Tokelo"]
[Black "Santos da Costa, Jose Manuel"]
[Result "1-0"]
[Board "1"]
[WhiteID "21300020"]
[WhiteElo "1663"]
[WhiteCountry "LES"]
[WhiteFideId "21300020"]
[WhiteEloChange "17"]
[BlackID "11000791"]
[BlackElo "1960"]
[BlackTitle "CM"]
[BlackCountry "STP"]
[BlackFideId "11000791"]
[BlackEloChange "-17"]

1. d4 {[%clk 1:30:49]} d5 {[%clk 1:30:56]} 2. c4 {[%clk 1:30:54]} e6 {[%clk
1:31:22]} 3. Nc3 {[%clk 1:30:30]} Nf6 {[%clk 1:31:47]} 4. Nf3 {[%clk 1:30:41]} c6
{[%clk 1:30:43]} 5. e3 {[%clk 1:26:17]} Nbd7 {[%clk 1:28:40]} 6. Bd3 {[%clk
1:25:34]} Bd6 {[%clk 1:28:25]} 7. O-O {[%clk 1:24:37]} O-O {[%clk 1:28:43]} 8.
Re1 {[%clk 1:21:48]} dxc4 {[%clk 1:19:44]} 9. Bxc4 {[%clk 1:21:37]} e5 {[%clk
1:16:35]} 10. e4 {[%clk 1:16:29]} exd4 {[%clk 1:10:56]} 11. Nxd4 {[%clk 1:08:55]}
Ne5 {[%clk 1:10:43]} 12. Be2 {[%clk 1:07:41]} Neg4 {[%clk 0:44:31]} 13. h3 {[%clk
0:59:34]} Bc5 {[%clk 0:40:56]} 14. Bxg4 {[%clk 0:49:28]} Nxg4 {[%clk 0:37:22]}
15. hxg4 {[%clk 0:48:50]} Qxd4 {[%clk 0:37:26]} 16. Qf3 {[%clk 0:44:24]} Bxg4
{[%clk 0:28:22]} 17. Qe3 {[%clk 0:42:52]} Qb4 {[%clk 0:21:49]} 18. a3 {[%clk
0:35:31]} Qc4 {[%clk 0:21:45]} 19. Qf4 {[%clk 0:34:20]} Be6 {[%clk 0:19:20]} 20.
Be3 {[%clk 0:29:20]} Rad8 {[%clk 0:15:18]} 21. Bxc5 {[%clk 0:29:01]} Qxc5 {[%clk
0:15:41]} 22. Rad1 {[%clk 0:24:09]} Bb3 {[%clk 0:14:48]} 23. Rd2 {[%clk 0:21:17]}
Qa5 {[%clk 0:12:56]} 24. Ree2 {[%clk 0:17:47]} f6 {[%clk 0:11:05]} 25. Rxd8
{[%clk 0:17:43]} Qxd8 {[%clk 0:08:44]} 26. Rd2 {[%clk 0:18:02]} Qe7 {[%clk
0:08:53]} 27. Qd6 {[%clk 0:16:58]} Qxd6 {[%clk 0:07:18]} 28. Rxd6 {[%clk
0:17:21]} g6 {[%clk 0:07:15]} 29. f3 {[%clk 0:12:35]} Kg7 {[%clk 0:07:15]} 30.
Kf2 {[%clk 0:12:33]} Rf7 {[%clk 0:07:12]} 31. Rd8 {[%clk 0:12:19]} Rc7 {[%clk
0:07:18]} 32. Ke3 {[%clk 0:11:10]} a6 {[%clk 0:05:46]} 33. Ne2 {[%clk 0:10:56]}
c5 {[%clk 0:06:02]} 34. Nc3 {[%clk 0:08:38]} g5 {[%clk 0:04:43]} 35. a4 {[%clk
0:05:49]} Kf7 {[%clk 0:04:37]} 36. a5 {[%clk 0:04:05]} Ke7 {[%clk 0:04:53]} 37.
Rh8 {[%clk 0:04:14]} Ke6 {[%clk 0:03:59]} 38. Re8+ {[%clk 0:03:46]} Re7 {[%clk
0:03:48]} 39. Rf8 {[%clk 0:03:28]} Ke5 {[%clk 0:03:40]} 40. g3 {[%clk 0:32:35]}
Ke6 {[%clk 0:32:07]} 41. Rd8 {[%clk 0:31:28]} Rd7 {[%clk 0:29:37]} 42. Re8+
{[%clk 0:29:50]} Kd6 {[%clk 0:25:36]} 43. Rf8 {[%clk 0:27:37]} Rf7 {[%clk
0:25:14]} 44. Rd8+ {[%clk 0:26:27]} Kc7 {[%clk 0:25:34]} 45. Rh8 {[%clk 0:24:00]}
b5 {[%clk 0:24:26]} 46. axb6+ {[%clk 0:23:28]} Kxb6 {[%clk 0:24:36]} 47. Rb8+
{[%clk 0:22:42]} Kc7 {[%clk 0:21:50]} 48. Rxb3 {[%clk 0:22:54]} Kc6 {[%clk
0:22:05]} 49. Nd5 {[%clk 0:22:19]} c4 {[%clk 0:22:14]} 50. Rb6+ {[%clk 0:21:35]}
Kc5 {[%clk 0:22:41]} 51. Rb8 {[%clk 0:18:49]} f5 {[%clk 0:21:57]} 52. Rc8+ {[%clk
0:18:27]} Kb5 {[%clk 0:22:19]} 53. e5 {[%clk 0:18:15]} Rd7 {[%clk 0:22:27]} 1-0

[Event "Baku Chess Olympiad | Open"]
[Site "chess24.com"]
[Date "2016.09.12"]
[Round "10"]
[White "Espirito Santo, Waldyr"]
[Black "Khalema, Sechaba"]
[Result "1-0"]
[Board "2"]
[WhiteID "16900049"]
[WhiteElo "1915"]
[WhiteCountry "STP"]
[WhiteFideId "16900049"]
[WhiteEloChange "6"]
[BlackID "14317176"]
[BlackElo "1754"]
[BlackCountry "LES"]
[BlackFideId "14317176"]
[BlackEloChange "-6"]

1. e4 {[%clk 1:30:55]} e5 {[%clk 1:28:08]} 2. Nf3 {[%clk 1:31:16]} Nc6 {[%clk
1:26:37]} 3. Bb5 {[%clk 1:31:32]} a6 {[%clk 1:24:34]} 4. Ba4 {[%clk 1:31:48]} Nf6
{[%clk 1:21:42]} 5. O-O {[%clk 1:31:20]} Be7 {[%clk 1:19:58]} 6. d3 {[%clk
1:21:38]} d6 {[%clk 1:17:06]} 7. c3 {[%clk 1:19:18]} O-O {[%clk 1:14:07]} 8. h3
{[%clk 1:19:38]} b5 {[%clk 1:08:19]} 9. Bb3 {[%clk 1:19:30]} Nd7 {[%clk 1:07:31]}
10. Be3 {[%clk 1:18:16]} Na5 {[%clk 1:07:46]} 11. Bc2 {[%clk 1:18:10]} c5 {[%clk
1:08:03]} 12. Nbd2 {[%clk 1:16:08]} Bf6 {[%clk 1:04:57]} 13. Qe2 {[%clk 1:15:45]}
Re8 {[%clk 1:05:07]} 14. Rfd1 {[%clk 1:15:40]} Qc7 {[%clk 1:04:35]} 15. Rac1
{[%clk 1:15:50]} Nf8 {[%clk 1:04:34]} 16. Nf1 {[%clk 1:16:03]} Be6 {[%clk
1:02:06]} 17. b3 {[%clk 1:16:05]} Nc6 {[%clk 0:58:32]} 18. Ng3 {[%clk 1:15:36]}
g6 {[%clk 0:58:47]} 19. Qd2 {[%clk 1:15:41]} Bg7 {[%clk 0:57:15]} 20. Ng5 {[%clk
1:15:29]} Bd7 {[%clk 0:55:43]} 21. Rf1 {[%clk 1:15:03]} h6 {[%clk 0:55:56]} 22.
Nf3 {[%clk 1:14:14]} f5 {[%clk 0:55:53]} 23. exf5 {[%clk 1:13:20]} gxf5 {[%clk
0:56:14]} 24. Bxh6 {[%clk 1:13:06]} f4 {[%clk 0:56:32]} 25. Bxg7 {[%clk 1:13:24]}
Kxg7 {[%clk 0:56:48]} 26. Ne4 {[%clk 1:13:15]} Kf7 {[%clk 0:55:41]} 27. d4 {[%clk
1:13:02]} cxd4 {[%clk 0:53:06]} 28. cxd4 {[%clk 1:13:21]} d5 {[%clk 0:53:06]} 29.
Neg5+ {[%clk 1:12:37]} Kf6 {[%clk 0:53:09]} 30. dxe5+ {[%clk 1:12:34]} Kg7 {[%clk
0:53:15]} 31. Qxf4 {[%clk 1:12:12]} Nxe5 {[%clk 0:52:48]} 32. Nxe5 {[%clk
1:08:41]} Qxe5 {[%clk 0:53:07]} 33. Qf7+ {[%clk 1:07:35]} Kh8 {[%clk 0:50:28]}
34. Qh5+ {[%clk 1:07:12]} Kg7 {[%clk 0:50:40]} 35. Rfe1 {[%clk 1:03:15]} Qf4
{[%clk 0:50:26]} 36. Rcd1 {[%clk 0:59:37]} Qf6 {[%clk 0:46:58]} 37. Re3 {[%clk
0:57:51]} Rxe3 {[%clk 0:42:48]} 38. fxe3 {[%clk 0:58:08]} Be8 {[%clk 0:43:10]}
39. Qg4 {[%clk 0:57:46]} Bg6 {[%clk 0:41:57]} 40. Rf1 {[%clk 1:27:08]} Qc3 {[%clk
1:12:02]} 41. Rf7+ {[%clk 1:19:39]} Kg8 {[%clk 1:11:38]} 42. Bxg6 {[%clk
1:18:27]} Qxe3+ {[%clk 1:11:42]} 43. Rf2 {[%clk 1:15:36]} Nxg6 {[%clk 1:11:10]}
44. Qf5 {[%clk 1:12:11]} Qe1+ {[%clk 0:49:13]} 45. Rf1 {[%clk 1:11:51]} Qe3+
{[%clk 0:48:35]} 46. Kh1 {[%clk 1:11:05]} Kg7 {[%clk 0:48:58]} 47. Ne6+ {[%clk
1:10:11]} Kh6 {[%clk 0:48:48]} 48. Qf7 {[%clk 1:06:38]} Ra7 {[%clk 0:48:39]} 49.
Qf6 {[%clk 1:03:58]} Qe4 {[%clk 0:45:26]} 50. Nf8 {[%clk 1:01:48]} Rg7 {[%clk
0:43:48]} 51. Ne6 {[%clk 0:59:29]} Rg8 {[%clk 0:43:42]} 52. Qg5+ {[%clk 0:58:43]}
1-0

[Event "Baku Chess Olympiad | Open"]
[Site "chess24.com"]
[Date "2016.09.12"]
[Round "10"]
[White "Latela, Kananelo"]
[Black "Lima, Osvaldo Dos Santos"]
[Result "1/2-1/2"]
[Board "3"]
[WhiteID "14317206"]
[WhiteElo "1736"]
[WhiteCountry "LES"]
[WhiteFideId "14317206"]
[WhiteEloChange "1"]
[BlackID "14306352"]
[BlackElo "1782"]
[BlackTitle "CM"]
[BlackCountry "STP"]
[BlackFideId "14306352"]
[BlackEloChange "-1"]

1. d4 {[%clk 1:30:45]} d5 {[%clk 1:30:50]} 2. c4 {[%clk 1:26:30]} e6 {[%clk
1:31:11]} 3. Nf3 {[%clk 1:25:10]} Nf6 {[%clk 1:31:22]} 4. g3 {[%clk 1:23:39]} Be7
{[%clk 1:31:21]} 5. Bg2 {[%clk 1:18:18]} O-O {[%clk 1:31:14]} 6. O-O {[%clk
1:17:06]} c6 {[%clk 1:31:05]} 7. Nc3 {[%clk 1:13:27]} h6 {[%clk 1:26:28]} 8. Nd2
{[%clk 1:09:47]} Nbd7 {[%clk 1:23:55]} 9. e4 {[%clk 1:08:29]} dxe4 {[%clk
1:23:24]} 10. Ndxe4 {[%clk 1:04:58]} Nxe4 {[%clk 1:23:44]} 11. Nxe4 {[%clk
1:04:58]} Nf6 {[%clk 1:23:56]} 12. Nc3 {[%clk 1:04:24]} Qb6 {[%clk 1:22:18]} 13.
Ne2 {[%clk 1:04:07]} Rd8 {[%clk 1:21:19]} 14. Qc2 {[%clk 1:03:41]} c5 {[%clk
1:20:23]} 15. dxc5 {[%clk 0:59:17]} Bxc5 {[%clk 1:20:18]} 16. h3 {[%clk 0:59:24]}
Bd7 {[%clk 1:18:51]} 17. a3 {[%clk 0:59:07]} a5 {[%clk 1:18:41]} 18. Bd2 {[%clk
0:54:30]} Bc6 {[%clk 1:18:38]} 19. Bc3 {[%clk 0:52:56]} Be7 {[%clk 1:16:47]} 20.
Nf4 {[%clk 0:50:37]} g5 {[%clk 1:15:48]} 21. Ng6 {[%clk 0:46:07]} Qc7 {[%clk
1:15:42]} 22. Nxe7+ {[%clk 0:43:48]} Qxe7 {[%clk 1:16:07]} 23. Bxc6 {[%clk
0:43:46]} bxc6 {[%clk 1:16:35]} 24. Qe2 {[%clk 0:43:50]} Nd7 {[%clk 1:12:36]} 25.
Rad1 {[%clk 0:43:13]} f6 {[%clk 1:12:05]} 26. Rfe1 {[%clk 0:43:18]} e5 {[%clk
1:11:30]} 27. Qe4 {[%clk 0:43:18]} c5 {[%clk 1:09:56]} 28. Rd2 {[%clk 0:41:34]}
Nf8 {[%clk 1:06:31]} 29. Red1 {[%clk 0:41:45]} Ne6 {[%clk 1:05:44]} 30. Rxd8+
{[%clk 0:42:06]} Rxd8 {[%clk 1:05:03]} 31. Rxd8+ {[%clk 0:42:29]} Nxd8 {[%clk
1:03:36]} 32. Bxa5 {[%clk 0:42:28]} Ne6 {[%clk 1:01:12]} 33. Qg6+ {[%clk
0:40:07]} Qg7 {[%clk 1:01:40]} 34. Qe8+ {[%clk 0:39:19]} Nf8 {[%clk 1:02:09]} 35.
Bb6 {[%clk 0:38:44]} Qd7 {[%clk 1:02:35]} 36. Qa8 {[%clk 0:38:34]} Qd6 {[%clk
1:01:19]} 37. Qd5+ {[%clk 0:38:22]} Qxd5 {[%clk 1:00:43]} 38. cxd5 {[%clk
0:38:44]} Nd7 {[%clk 1:00:50]} 39. Bc7 {[%clk 0:38:55]} c4 {[%clk 1:01:11]} 40.
Kf1 {[%clk 1:09:15]} Kf7 {[%clk 1:31:38]} 41. Ke2 {[%clk 1:09:27]} Nc5 {[%clk
1:29:20]} 42. f3 {[%clk 1:09:20]} Na4 {[%clk 1:28:05]} 43. Kd2 {[%clk 1:09:41]}
Ke8 {[%clk 1:28:05]} 44. Kc2 {[%clk 1:09:42]} Kd7 {[%clk 1:27:15]} 45. d6 {[%clk
1:09:37]} f5 {[%clk 1:25:13]} 46. b3 {[%clk 1:09:53]} cxb3+ {[%clk 1:24:38]} 47.
Kxb3 {[%clk 1:10:02]} Nc5+ {[%clk 1:24:24]} 48. Kc4 {[%clk 1:10:02]} e4 {[%clk
1:21:14]} 49. fxe4 {[%clk 1:10:43]} Nxe4 {[%clk 1:17:53]} 50. g4 {[%clk 1:08:03]}
f4 {[%clk 1:17:18]} 51. Kd3 {[%clk 1:08:08]} Nxd6 {[%clk 1:14:41]} 52. Bb6 {[%clk
1:08:23]} Kc6 {[%clk 1:12:51]} 53. Bd4 {[%clk 1:08:31]} Kb5 {[%clk 1:11:13]} 54.
Bg7 {[%clk 1:08:43]} Nf7 {[%clk 1:11:40]} 55. Ke4 {[%clk 1:08:42]} Kc4 {[%clk
1:11:59]} 56. Bf8 {[%clk 1:08:52]} Kb5 {[%clk 1:12:11]} 57. a4+ {[%clk 1:08:25]}
Kxa4 {[%clk 1:10:49]} 58. Bc5 {[%clk 1:08:50]} Kb5 {[%clk 1:10:25]} 59. Bf2
{[%clk 1:09:12]} Kc4 {[%clk 1:10:14]} 60. Kf5 {[%clk 1:09:34]} Nd6+ {[%clk
1:07:44]} 61. Kg6 {[%clk 1:09:20]} Ne4 {[%clk 1:07:08]} 62. Bg1 {[%clk 1:09:31]}
f3 {[%clk 1:07:34]} 1/2-1/2

[Event "Baku Chess Olympiad | Open"]
[Site "chess24.com"]
[Date "2016.09.12"]
[Round "10"]
[White "Semedo, Adelino"]
[Black "Joang Molapo"]
[Result "1-0"]
[Board "4"]
[WhiteID "1951165"]
[WhiteElo "1671"]
[WhiteCountry "STP"]
[WhiteFideId "1951165"]
[WhiteEloChange "10"]
[BlackID "21300380"]
[BlackElo "1685"]
[BlackCountry "LES"]
[BlackFideId "21300380"]
[BlackEloChange "-10"]

1. d4 {[%clk 1:30:57]} d5 {[%clk 1:30:08]} 2. c4 {[%clk 1:31:14]} c6 {[%clk
1:30:29]} 3. cxd5 {[%clk 1:31:11]} cxd5 {[%clk 1:30:51]} 4. Nc3 {[%clk 1:31:17]}
Nc6 {[%clk 1:31:11]} 5. Bf4 {[%clk 1:30:55]} Nf6 {[%clk 1:31:27]} 6. e3 {[%clk
1:26:29]} a6 {[%clk 1:28:54]} 7. Bd3 {[%clk 1:24:34]} e6 {[%clk 1:27:18]} 8. Nf3
{[%clk 1:23:49]} Bd6 {[%clk 1:27:20]} 9. Bg3 {[%clk 1:23:57]} O-O {[%clk
1:26:59]} 10. Rc1 {[%clk 1:23:06]} Re8 {[%clk 1:25:33]} 11. Ne5 {[%clk 1:20:43]}
Be7 {[%clk 1:15:14]} 12. f4 {[%clk 1:16:41]} Qb6 {[%clk 1:08:57]} 13. Qe2 {[%clk
1:15:02]} Bd7 {[%clk 0:50:11]} 14. Bh4 {[%clk 1:12:51]} Rad8 {[%clk 0:42:11]} 15.
Bxf6 {[%clk 1:10:28]} Bxf6 {[%clk 0:42:16]} 16. Bxh7+ {[%clk 1:03:57]} Kf8 {[%clk
0:40:36]} 17. Bb1 {[%clk 0:48:33]} Nxd4 {[%clk 0:27:41]} 18. exd4 {[%clk
0:44:04]} Qxd4 {[%clk 0:27:48]} 19. g3 {[%clk 0:42:23]} Bc6 {[%clk 0:23:20]} 20.
Qf2 {[%clk 0:39:11]} Bxe5 {[%clk 0:22:19]} 21. fxe5 {[%clk 0:39:00]} Qxe5+ {[%clk
0:22:39]} 22. Qe2 {[%clk 0:37:49]} Qg5 {[%clk 0:16:51]} 23. O-O {[%clk 0:36:50]}
d4 {[%clk 0:10:28]} 24. Ne4 {[%clk 0:35:57]} Qd5 {[%clk 0:10:47]} 25. Rc5 {[%clk
0:32:45]} d3 {[%clk 0:09:25]} 26. Qf3 {[%clk 0:29:41]} Qd4+ {[%clk 0:09:31]} 27.
Qf2 {[%clk 0:27:33]} f5 {[%clk 0:09:11]} 28. Qxd4 {[%clk 0:25:47]} Rxd4 {[%clk
0:09:22]} 29. Nd2 {[%clk 0:25:16]} Ke7 {[%clk 0:06:58]} 30. Re5 {[%clk 0:24:51]}
Kd6 {[%clk 0:06:25]} 31. Re3 {[%clk 0:22:53]} Be4 {[%clk 0:05:45]} 32. Rc1 {[%clk
0:21:30]} b5 {[%clk 0:05:42]} 33. Rc3 {[%clk 0:20:31]} b4 {[%clk 0:02:42]} 34.
Rc4 {[%clk 0:20:06]} Rxc4 {[%clk 0:02:45]} 35. Nxc4+ {[%clk 0:20:27]} Kd5 {[%clk
0:03:06]} 36. b3 {[%clk 0:17:09]} Kd4 {[%clk 0:03:03]} 37. Re1 {[%clk 0:14:30]}
Rd8 {[%clk 0:02:29]} 38. Kf2 {[%clk 0:14:07]} Kc5 {[%clk 0:00:55]} 39. Ke3 {[%clk
0:12:57]} Rh8 {[%clk 0:00:54]} 40. h4 {[%clk 0:42:46]} g5 {[%clk 0:31:05]} 41.
hxg5 {[%clk 0:41:35]} Rh2 {[%clk 0:31:06]} 42. Bxd3 {[%clk 0:40:39]} Bxd3 {[%clk
0:30:32]} 43. Kxd3 {[%clk 0:41:05]} Rg2 {[%clk 0:30:43]} 44. Re5+ {[%clk
0:40:32]} Kc6 {[%clk 0:30:33]} 45. Rxe6+ {[%clk 0:41:00]} Kd7 {[%clk 0:30:53]}
46. Re3 {[%clk 0:40:56]} Rxa2 {[%clk 0:31:12]} 47. g6 {[%clk 0:40:54]} f4 {[%clk
0:31:03]} 48. Rf3 {[%clk 0:35:19]} fxg3 {[%clk 0:30:45]} 49. g7 {[%clk 0:34:05]}
g2 {[%clk 0:30:16]} 50. g8Q {[%clk 0:34:20]} a5 {[%clk 0:29:57]} 51. Qg7+ {[%clk
0:34:31]} 1-0

[Event "Baku Chess Olympiad | Open"]
[Site "chess24.com"]
[Date "2016.09.12"]
[Round "10"]
[White "Khan, Taffin"]
[Black "Grassi, Enrico"]
[Result "1/2-1/2"]
[Board "2"]
[WhiteID "19700024"]
[WhiteElo "1877"]
[WhiteTitle "CM"]
[WhiteCountry "GUY"]
[WhiteFideId "19700024"]
[WhiteEloChange "5"]
[BlackID "11800046"]
[BlackElo "2049"]
[BlackTitle "FM"]
[BlackCountry "SMR"]
[BlackFideId "11800046"]
[BlackEloChange "-5"]

1. d4 {[%clk 1:30:57]} Nf6 {[%clk 1:30:48]} 2. c4 {[%clk 1:31:18]} g6 {[%clk
1:31:13]} 3. Nc3 {[%clk 1:31:34]} Bg7 {[%clk 1:31:38]} 4. Nf3 {[%clk 1:31:30]}
O-O {[%clk 1:31:48]} 5. e4 {[%clk 1:31:53]} d6 {[%clk 1:32:14]} 6. g3 {[%clk
1:32:16]} Na6 {[%clk 1:30:28]} 7. Bg2 {[%clk 1:32:36]} c5 {[%clk 1:29:47]} 8. d5
{[%clk 1:32:56]} Nc7 {[%clk 1:29:17]} 9. O-O {[%clk 1:32:44]} Rb8 {[%clk
1:29:45]} 10. a4 {[%clk 1:32:58]} b6 {[%clk 1:27:37]} 11. Re1 {[%clk 1:31:01]} a6
{[%clk 1:21:29]} 12. Nd2 {[%clk 1:21:17]} b5 {[%clk 1:21:05]} 13. f4 {[%clk
1:21:21]} bxc4 {[%clk 1:18:38]} 14. e5 {[%clk 1:16:25]} dxe5 {[%clk 1:17:33]} 15.
Nxc4 {[%clk 1:12:59]} exf4 {[%clk 1:13:04]} 16. Bxf4 {[%clk 1:05:33]} Rb4 {[%clk
1:12:18]} 17. Ne5 {[%clk 0:54:43]} Bb7 {[%clk 1:08:24]} 18. Nd3 {[%clk 0:49:05]}
Bxd5 {[%clk 0:57:57]} 19. Bxc7 {[%clk 0:47:24]} Qxc7 {[%clk 0:56:35]} 20. Nxd5
{[%clk 0:46:47]} Nxd5 {[%clk 0:56:58]} 21. Nxb4 {[%clk 0:46:48]} Nxb4 {[%clk
0:56:51]} 22. Qe2 {[%clk 0:43:54]} e6 {[%clk 0:56:26]} 23. Rad1 {[%clk 0:42:49]}
Bd4+ {[%clk 0:56:29]} 24. Kh1 {[%clk 0:43:11]} a5 {[%clk 0:52:24]} 25. b3 {[%clk
0:42:59]} Nd5 {[%clk 0:50:30]} 26. Bxd5 {[%clk 0:37:43]} exd5 {[%clk 0:50:54]}
27. Qf3 {[%clk 0:36:33]} Qd7 {[%clk 0:50:17]} 28. Re2 {[%clk 0:36:09]} Kg7 {[%clk
0:45:00]} 29. Rde1 {[%clk 0:33:21]} Bf6 {[%clk 0:41:13]} 30. Rc2 {[%clk 0:31:48]}
Bd4 {[%clk 0:40:17]} 31. Rce2 {[%clk 0:31:47]} 1/2-1/2